| 000 | 00385nam a2200157Ia 4500 | ||
|---|---|---|---|
| 008 | 230511s1992 xx 000 0 und d | ||
| 041 | _aeng | ||
| 082 | _a346.086 | ||
| 100 | _aSrinivasan M N and Kannan K | ||
| 245 | _aPrinciples of Insurance Law | ||
| 250 | _a5th | ||
| 260 |
_aBangalore _bRamanuja Pub . _c1992 |
||
| 300 | _a200 | ||
| 365 | _b125 | ||
| 906 | _aLaw of Insurance | ||
| 999 |
_c344708 _d344708 |
||